| 000 | 00546nam a2200169Ia 4500 | ||
|---|---|---|---|
| 003 | LK-CoDNM | ||
| 008 | 010623t1990 xxu||||| |||| 00| 1 sin d | ||
| 040 |
_aLK-CoDNM _dLK-CoDNM _eLK-CoDNM |
||
| 041 | _asin | ||
| 080 |
_a37 _bSRI |
||
| 245 | _aකාර්මික අභ්යාස මධ්යස්ථානය පිළියන්දල 1990 | ||
| 246 | _aKaarmika abbyasa maddyasthaanaya Piliyandala 1990 | ||
| 260 |
_bLanka vidulibala mandalaya _aColombo 02 _c1990 |
||
| 300 | _b9, 29.5 cm | ||
| 650 | _aTrainning | ||
| 942 | _cBK | ||
| 999 |
_c114702 _d114702 |
||